Cracking the landlord and capital markets code (Record no. 74931)
[ view plain ]
| 000 -LEADER | |
|---|---|
| fixed length control field | 00991cab a2200205 4500 |
| 001 - CONTROL NUMBER | |
| control field | X129076 |
| 008 - FIXED-LENGTH DATA ELEMENTS--GENERAL INFORMATION | |
| fixed length control field | 050316n2005 000 0 eng u |
| 035 ## - SYSTEM CONTROL NUMBER | |
| System control number | (Sirsi) u129076 |
| 100 ## - MAIN ENTRY--PERSONAL NAME | |
| Personal name | Houston, R. |
| 245 ## - TITLE STATEMENT | |
| Title | Cracking the landlord and capital markets code |
| 260 ## - PUBLICATION, DISTRIBUTION, ETC. | |
| Date of publication, distribution, etc. | 2005 |
| 490 ## - SERIES STATEMENT | |
| Series statement | Journal of Corporate Real Estate |
| Volume/sequential designation | 7(1) January 2005, 49-54(5) |
| 520 ## - SUMMARY, ETC. | |
| Summary, etc. | Looks at three routes to maximising the value of a corporate real estate portfolio in the UK: know what space you have and ensure its efficient use; know your landlord with up to date corporate intelligence and; research capital markets and use them to your advantage. These apply also to other countries. Identifies major shortcomings in the way that corporates (at least in the UK) approach the management of their real estate. [Taken from journal abstract.] |
| 590 ## - LOCAL NOTE (RLIN) | |
| Local note | ABS |
| 650 ## - SUBJECT ADDED ENTRY--TOPICAL TERM | |
| Topical term or geographic name entry element | CORPORATE REAL ESTATE |
| 650 ## - SUBJECT ADDED ENTRY--TOPICAL TERM | |
| Topical term or geographic name entry element | PORTFOLIOS |
| 650 ## - SUBJECT ADDED ENTRY--TOPICAL TERM | |
| Topical term or geographic name entry element | Investments |
| 9 (RLIN) | 6250 |
| 690 ## - LOCAL SUBJECT ADDED ENTRY--TOPICAL TERM (OCLC, RLIN) | |
| Topical term or geographic name as entry element | INVESTMENT |
| 942 ## - ADDED ENTRY ELEMENTS (KOHA) | |
| Suppress in OPAC | 0 |
| Withdrawn status | Lost status | Source of classification or shelving scheme | Damaged status | Not for loan | Home library | Current library | Shelving location | Date acquired | Total Checkouts | Full call number | Barcode | Date last seen | Copy number | Price effective from | Koha item type |
|---|---|---|---|---|---|---|---|---|---|---|---|---|---|---|---|
| Dewey Decimal Classification | London | London | Journal article | 16/03/2005 | X129076 | 129076-1001 | 06/08/2019 | 1 | 06/08/2019 | Journal article |